Normal view MARC view
  • Political ethics

Entry Topical Term

Number of records used in: 1

001 - CONTROL NUMBER

  • control field: 585

003 - CONTROL NUMBER IDENTIFIER

  • control field: OSt

005 - DATE AND TIME OF LATEST TRANSACTION

  • control field: 20170428092603.0

008 - FIXED-LENGTH DATA ELEMENTS

  • fixed length control field: 170428|| aca||aabn | a|a d

040 ## - CATALOGING SOURCE

  • Original cataloging agency: OSt
  • Transcribing agency: OSt

150 ## - HEADING--TOPICAL TERM

  • Topical term or geographic name entry element: Political ethics
  • Geographic subdivision: Malaysia
  • Chronological subdivision: 2000-2008

670 ## - SOURCE DATA FOUND

  • Source citation: Work cat.: (OSt)0: Anis Yusar Yusoff 584, Politik :, 2008
Pusat Sumber Maklumat Dato' Haji Sarmin Md Hussin, Akademi Kastam Diraja Malaysia, Melaka
Tel: 06-2331106 | Faks: 06-2313787